Wacana (Запис № 419686)

МАРК-запис
000 -Лідер
fixed length control field 01238nam a22002537a 4500
003 - Ідентифікатор контрольного номера
control field UA-OsUOA
001 - Контрольний номер
control field 131432
007 - Фіксоване поле фізичного опису
fixed length control field ta
008 - Елементи даних фіксованої довжини – загальна інформація
fixed length control field 20180605b un ||||| |||| 00| 0 ukr d
090 ## - Локальний шифр розміщення
Авторський знак (НП) W-45
040 ## - Джерело каталогізації
Агенція оригінальної каталогізації UA-OsUOA
Мова каталогізації eng
Агенція, яка здійснювала перезапис UA-OsUOA
Агенція, яка здійснювала модифікацію UA-OsUOA
041 ## - Код мови
Код мови тексту/ звукової доріжки чи окремого заголовка (П) eng
022 ## - Міжнародний стандартний серіальний номер (ISSN)
Міжнародний стандартний серіальний номер (ISSN) 1411-0199
245 ## - Відомості про назву
Назва (НП) Wacana
Дані про відповідальність (НП) CHIEF EDITOR Nila Firdausi Nuzula (FIA UB)
260 ## - Публікація, розповсюдження і т.п. (Вихідні дані)
Дата публікації, розповсюдження і т.п. (П) 2017
246 31 - Інша форма назви
Назва (НП) Jurnal Sosial dan Humaniora
Номер частини/ розділ роботи (П) 1
520 3# - Резюме і т.п.
Резюме, реферат, анотація, тощо (НП) WACANA Journal publishes scientific papers on the research and scientific studies in the scope of humanities and social studies, such as anthropology, studies, business, communication studies, corporate governance, criminology, the study of cross-cult
520 3# - Резюме і т.п.
Резюме, реферат, анотація, тощо (НП) ural, demographic, economic studies of development, the study of education and ethics, social geography, the study of information technology management, industrial relations, international relations, legal studies, media studies, political science, th
520 3# - Резюме і т.п.
Резюме, реферат, анотація, тощо (НП) e study of population dynamics, the study of psychology, the study of public administration, social welfare, religious studies and linguistics.
650 #7 - Додаткове предметне введення – тематичний термін
Джерело заголовка чи терміна UDC
856 40 - Електронне місцезнаходження та доступ
Уніфікований ідентифікатор ресурсу (П) http://wacana.ub.ac.id/index.php/wacana/issue/view/56
942 ## - Додаткові елементи входу (Коха)
Тип елемента Koha Номер журналу
955 ## - Код типу видання за змістом
Код типу видання за змістом (НП) Наукові видання

Немає доступних примірників.